Evolution
Includes bibliographical references and index
Saved in:
| Main Author: | |
|---|---|
| Format: | Book |
| Language: | Undetermined |
| Published: |
Sunderland, Mass.
Sinauer Associates
2009
|
| Subjects: | |
| Online Access: | http://lrc.tdmu.edu.vn/opac/search/detail.asp?aID=2&ID=30964 |
| Tags: |
Add Tag
No Tags, Be the first to tag this record!
|
| Institutions: | Trung tâm Học liệu Trường Đại học Thủ Dầu Một |
|---|
| LEADER | 00682nam a2200205Ia 4500 | ||
|---|---|---|---|
| 001 | TDMU_30964 | ||
| 008 | 210410s9999 xx 000 0 und d | ||
| 082 | |a 370.15 | ||
| 090 | |b F522 | ||
| 100 | |a Futuyma, Douglas J | ||
| 245 | 0 | |a Evolution | |
| 245 | 0 | |c Douglas J. Futuyma, Mark Kirkpatrick | |
| 260 | |a Sunderland, Mass. | ||
| 260 | |b Sinauer Associates | ||
| 260 | |c 2009 | ||
| 300 | |a xviii, 599, [62] p. | ||
| 520 | |a Includes bibliographical references and index | ||
| 650 | |a Evolution (Biology); Tiến hóa (Sinh học) | ||
| 856 | |u http://lrc.tdmu.edu.vn/opac/search/detail.asp?aID=2&ID=30964 | ||
| 980 | |a Trung tâm Học liệu Trường Đại học Thủ Dầu Một | ||